Priestorové modelovanie priestorové modelovanie ako kľúč k produktívnemu vývoju výrobkov
Konštruovanie a technika modelovania. Systémy CAD/CAE/CAM - ich základné vlastnosti. Princíp vytvárania výkresov pomocou 2D 3D CAD systému. Rôzne spôsoby vytvárania priestorových telies. Priestorové modelovanie ako kľúč k produktívnemu vývoju výrobkov.
Salvato in:
| Autore principale: | |
|---|---|
| Altri autori: | |
| Natura: | Capitolo di libro |
| Lingua: | slovacco |
| Soggetti: | |
| Tags: |
Nessun Tag, puoi essere il primo ad aggiungerne!!
|
MARC
| LEADER | 00000naa a2200000 4500 | ||
|---|---|---|---|
| 001 | r042971 | ||
| 005 | 20231002121113.4 | ||
| 041 | 0 | |a slo | |
| 044 | |a SK | ||
| 245 | 1 | 0 | |a Priestorové modelovanie |b priestorové modelovanie ako kľúč k produktívnemu vývoju výrobkov |c Štefan Medvecký, Alena Hrčeková |
| 520 | |a Konštruovanie a technika modelovania. Systémy CAD/CAE/CAM - ich základné vlastnosti. Princíp vytvárania výkresov pomocou 2D 3D CAD systému. Rôzne spôsoby vytvárania priestorových telies. Priestorové modelovanie ako kľúč k produktívnemu vývoju výrobkov. | ||
| 610 | 2 | 0 | |a CAD |
| 610 | 2 | 0 | |a CAM |
| 610 | 2 | 0 | |a konštrukcia |
| 610 | 2 | 0 | |a príprava výroby konštrukčná |
| 610 | 2 | 0 | |a modelovanie |
| 610 | 2 | 0 | |a výrobky |
| 610 | 2 | 0 | |a práca konštrukčná |
| 610 | 2 | 0 | |a prototypy výrobkov |
| 100 | 1 | |a Medvecký, Štefan | |
| 700 | 1 | |a Hrčeková, Alena | |